League of Legends Champion Ability Nicknames Quiz Stats

 Plays Quiz not verified by Sporcle

Challenge
Share
Tweet
Embed
Score 0/18 Timer 10:00
0 Plays Today
Hint Answer % Correct
X-MarkDeath Mark
75.3%
TsunamiTidal Wave
74.2%
The Song of DeathRequiem
46.2%
Man DropGrand Skyfall
44.1%
OrangeRemove Scurvy
41.9%
Trolling GasPoison Trail
35.5%
RockbottomUnstoppable Force
33.3%
Copy PasteMimic
31.9%
Troll PolePlayful
31.2%
Hint Answer % Correct
Superman PunchVault Breaker
24.2%
Egyptian God Cards from Yu-Gi-Oh!Pick A Card
23.1%
Dragon BallsUnleashed Power
21.5%
Popular Video Game from Valve CorporationCounter Strike
11%
Farm AlarmVoid Rush
7.7%
Song from the Album House of Gold & Bones Pt. 1 by Stone SourAbsolute Zero
6.5%
Death SaurerDominus
4.3%
Song from the Album Scream Aim Fire by Bullet For My ValentineEye Of The Storm
3.8%
Meteor JamNoxian Guillotine
2.2%

You're not logged in!

Compare scores with friends on all Sporcle quizzes.
OR
Log In

You Might Also Like...

Show Comments

Extras

Top Quizzes Today


Score Distribution

Your Account Isn't Verified!

In order to create a playlist on Sporcle, you need to verify the email address you used during registration. Go to your Sporcle Settings to finish the process.

Report this User

Report this user for behavior that violates our Community Guidelines.

Details: